| 000 | 00599cam a22002291 4500 | ||
|---|---|---|---|
| 001 | sa 65000831 | ||
| 003 | DLC | ||
| 005 | 20260227112105.0 | ||
| 008 | 810914s1964 ii b b 000 0 eng | ||
| 010 | _asa 65000831 | ||
| 035 | _a(OCoLC)7758373 | ||
| 040 |
_aDLC _cAzFU _dOCoLC _dDLC |
||
| 042 | _apremarc | ||
| 050 | 0 | 0 |
_aD443 _b.M28 1964 |
| 100 | 1 | _aMahajan, Vidya Dhar. | |
| 245 | 1 | 0 | _aInternational politics since 1900. |
| 250 | _a[2nd ed.] | ||
| 260 |
_aDelhi, S. Chand, _c1964. |
||
| 300 | _avii, 571 p. maps 23 cm. | ||
| 504 | _aIncludes bibliographies. | ||
| 650 | 0 | _aWorld politics. | |
| 999 |
_c61772 _d61772 |
||